|
|
|
|
| LEADER |
00000cam a2200000 a 4500 |
| 001 |
vtls001401291 |
| 003 |
SK-MaSNL |
| 005 |
20260301150723.0 |
| 008 |
220512s2000 xo a rb 0000d slo |
| 015 |
|
|
|a SNBA2001/02-00316
|
| 020 |
|
|
|a 8096839101
|
| 035 |
|
|
|a SNK000355791
|
| 035 |
|
|
|a urn:nbn:sk:snk-amkm3p
|
| 035 |
|
|
|a urn:nbn:sk:snk-am003bg6
|
| 035 |
|
|
|a A1DCA608-F4EA-47B7-AD2A-28EB9521B371
|
| 040 |
|
|
|a SNK
|b slo
|a SNK
|e AACR2
|c SNK
|
| 041 |
0 |
|
|a slo
|
| 044 |
|
|
|a xo
|c SK
|
| 080 |
|
|
|a 840-2
|2 1981
|
| 100 |
1 |
|
|a Rostand, Edmond,
|d 1868-1918
|4 aut
|
| 240 |
1 |
0 |
|a Cyrano de Bergerac
|l Slovensky
|
| 245 |
1 |
0 |
|a Cyrano z Bergeracu
|b veršovaná heroická komédia v piatich dejstvách
|c Edmond Rostand ; [z francúzskeho originálu preložil Ľubomír Feldek]
|
| 260 |
|
|
|a [Bratislava]
|b Ľubomíra Feldeková
|c 2000
|
| 300 |
|
|
|a 182 s.
|c 21 cm
|
| 490 |
1 |
|
|a Vybrané spisy Ľubomíra Feldeka a Oľgy Feldekovej
|v zv. 1
|
| 500 |
|
|
|a Ilustr. na front.
|
| 655 |
|
7 |
|a francúzske divadelné hry
|2 SNK
|9 343378
|
| 700 |
1 |
|
|a Feldek, Ľubomír,
|d 1936-
|4 trl
|9 89477
|
| 830 |
|
0 |
|a Vybrané spisy Ľubomíra Feldeka a Oľgy Feldekovej
|9 285095
|
| 919 |
|
|
|a 80-968391-0-1
|
| 954 |
|
|
|a beletria cudzojazyčná (svetová)
|2 lita
|
| 958 |
|
|
|a TL
|
| 958 |
|
|
|a UP
|
| 958 |
|
|
|a LX
|
| 958 |
|
|
|a NS
|
| 968 |
|
|
|b FR
|
| 999 |
|
|
|c 784398
|d 786328
|
| 952 |
|
|
|t P60, <03>, [BOOK], {603}
|a SNK
|b SNK
|y PREZ
|7 0
|p 17A0260847
|o snkSC 103364
|i snkKSP 12570/2000
|0 0
|1 0
|4 0
|d 2000-12-04
|f 1
|l 0
|r 2025-09-24 00:00:00
|w 2026-02-24
|
| 952 |
|
|
|t P60, <04>, [BOOK], {604}
|a SNK
|b SNK
|y VYP
|7 0
|p 17A0260848
|o snkSC 103364 D1
|i snkKSP 12571/2000
|0 0
|1 0
|4 0
|d 2000-12-04
|l 0
|r 2005-01-02 00:00:00
|w 2026-02-24
|
| 952 |
|
|
|a SNKLM
|b SNKLM
|y NEVYP
|7 0
|o snklmKK 1122
|i snklm1018/2001
|8 7
|0 0
|1 0
|4 0
|d 2006-08-22
|l 0
|r 2026-02-24 01:15:47
|w 2026-02-24
|